000
00323nam a22001457a 4500
008
210223b ||||| |||| 00| 0 eng d
020
_a
0821328824
041
_a
eng
080
_a
574
082
_a
574
100
_a
9
101
_a
MJE
245
_a
Valuing the Environment
_c
Serageldin, I & Steer, A
942
_2
udc
_c
BK
999
_c
55116
_d
55116